TENWEK HOSP HOME | SOC  | ASK A LIBRARIANSTAFF LOGIN  |  DIGITAL REPOSITORYe-BOOK PORTAL  |  OFF-CAMPUS PORTAL  |  DONATE

Practice guidelines for family nurse practitioners / (Record no. 2149)

MARC details
000 -LEADER
fixed length control field 01360cam a22003734a 4500
001 - CONTROL NUMBER
control field 11799685
003 - CONTROL NUMBER IDENTIFIER
control field Ke-BoTe
005 - DATE AND TIME OF LATEST TRANSACTION
control field 20220505143800.0
008 - FIXED-LENGTH DATA ELEMENTS--GENERAL INFORMATION
fixed length control field 990930s2000 paua b 001 0 eng c
010 ## - LIBRARY OF CONGRESS CONTROL NUMBER
LC control number 99049764
020 ## - INTERNATIONAL STANDARD BOOK NUMBER
International Standard Book Number 0721686966
035 ## - SYSTEM CONTROL NUMBER
System control number (DNLM)100897125
040 ## - CATALOGING SOURCE
Original cataloging agency DNLM/DLC
Transcribing agency DLC
Modifying agency DLC
042 ## - AUTHENTICATION CODE
Authentication code pcc
050 00 - LIBRARY OF CONGRESS CALL NUMBER
Classification number RT120.F34
Item number F46 2000
060 10 - NATIONAL LIBRARY OF MEDICINE CALL NUMBER
Classification number WY 128
Item number F341p 2000
082 00 - DEWEY DECIMAL CLASSIFICATION NUMBER
Classification number 610.73
Edition number 21
100 1# - MAIN ENTRY--PERSONAL NAME
Personal name Fenstermacher, Karen.
9 (RLIN) 4302
245 10 - TITLE STATEMENT
Title Practice guidelines for family nurse practitioners /
Statement of responsibility, etc. Karen Fenstermacher, Barbara Toni Hudson.
246 30 - VARYING FORM OF TITLE
Title proper/short title Family nurse practitioners
250 ## - EDITION STATEMENT
Edition statement 2nd ed.
260 ## - PUBLICATION, DISTRIBUTION, ETC.
Place of publication, distribution, etc. Philadelphia, Pa. :
Name of publisher, distributor, etc. W.B.Saunders,
Date of publication, distribution, etc. c2000.
300 ## - PHYSICAL DESCRIPTION
Extent viii, 424 p. :
Other physical details ill. ;
Dimensions 23 cm.
504 ## - BIBLIOGRAPHY, ETC. NOTE
Bibliography, etc. note Includes bibliographical references (p. 407-408) and index.
650 #0 - SUBJECT ADDED ENTRY--TOPICAL TERM
Topical term or geographic name entry element Family nursing.
650 #0 - SUBJECT ADDED ENTRY--TOPICAL TERM
Topical term or geographic name entry element Nurse practitioners.
9 (RLIN) 3297
650 12 - SUBJECT ADDED ENTRY--TOPICAL TERM
Topical term or geographic name entry element Nurse Practitioners.
9 (RLIN) 3297
650 22 - SUBJECT ADDED ENTRY--TOPICAL TERM
Topical term or geographic name entry element Nursing Care.
9 (RLIN) 2680
655 #7 - INDEX TERM--GENRE/FORM
Genre/form data or focus term Practice Guideline.
Source of term mesh
9 (RLIN) 4303
700 1# - ADDED ENTRY--PERSONAL NAME
Personal name Hudson, Barbara Toni.
9 (RLIN) 4304
906 ## - LOCAL DATA ELEMENT F, LDF (RLIN)
a 7
b cbc
c orignew
d 1
e ocip
f 19
g y-gencatlg
942 ## - ADDED ENTRY ELEMENTS (KOHA)
Source of classification or shelving scheme Library of Congress Classification
Koha item type Books
Suppress in OPAC No
Holdings
Withdrawn status Lost status Source of classification or shelving scheme Damaged status Not for loan Collection code Home library Current library Shelving location Date acquired Total Checkouts Full call number Barcode Date last seen Price effective from Koha item type
    Library of Congress Classification     Non-fiction SCHOOL OF HEALTH SCIENCES SCHOOL OF HEALTH SCIENCES General Stacks 05.05.2022   RT120.F34F46 2000 00001883 05.05.2022 05.05.2022 Books